|
|
|
|
| LEADER |
00000naa a2200000 a 4500 |
| 001 |
vtls012078667 |
| 003 |
SK-MaSNL |
| 005 |
20260302133958.0 |
| 008 |
211125c2021 xo 000 0 slo |
| 015 |
|
|
|a SNBRB2021/08
|2 lmaosk
|
| 040 |
|
|
|a LMAOSK
|b slo
|c LMAOSK
|e AACR2
|
| 041 |
0 |
|
|a slo
|
| 044 |
|
|
|a xo
|c SK
|
| 072 |
|
7 |
|a 355/359
|x Vojenstvo. Obrana krajiny. Ozbrojené sily
|2 konspekt
|
| 080 |
|
|
|a (046)
|2 2011
|
| 080 |
|
|
|a 355.5
|2 2011
|
| 100 |
1 |
|
|a Žiak, Jozef
|4 aut
|4 pht
|9 11588
|
| 245 |
1 |
0 |
|a Trochu inak
|c text: Jozef Žiak ; foto: TASR, Ivan Kelement a autor
|
| 300 |
|
|
|b Fotografie
|
| 336 |
|
|
|a text
|b txt
|2 rdacontent
|
| 337 |
|
|
|a bez média
|b n
|2 rdamedia
|
| 338 |
|
|
|a zväzok
|b nc
|2 rdacarrier
|
| 500 |
|
|
|a Téma: Trochu inak
|
| 650 |
0 |
7 |
|a výcvik
|2 LMAOSK
|9 562663
|
| 700 |
1 |
|
|a Kelement, Ivan
|4 pht
|9 714332
|
| 773 |
0 |
|
|t Obrana
|g Roč. XXIX, č.8 (2021), s. [17]-21
|x 1336-1910
|
| 852 |
|
|
|a LMAOSK
|b KIS3GCP
|
| 856 |
4 |
1 |
|u https://www.mosr.sk/obrana-82021/
|
| 958 |
|
|
|a NB
|
| 999 |
|
|
|c 1319476
|d 1321406
|